000 00734nam a2200181 a 4500
003 0
005 20250213073339.0
008 130905s19uu xx 00 eng d
050 _aPHS DA 591.A45.D53
_b.R763 2012
100 _aRomero, Russian Eloise O.
245 _aThe extent of Princess Diana's contributions to charitable institutions /
_cRussian Eloise O. Romero.
260 _aLas PiƱas City, Philippines :
_bSouthville International School and Colleges,
_c2012.
300 _a23 pages :
_billustrations ;
_c28 cm.
504 _aIncludes bibliographical references.
600 _aDiana, Princess of Wales,
_d1961-1997
_vCharitable contributions.
650 _aCharities
_zGreat Britain
_vHistory
_y20th century.
942 _2lcc
_cPASS
999 _c99089
_d99089